000 00480nam a2200157 a 4500
001 000040476
005 20201002034145.0
008 130826s2013 dr 000 0 spa d
020 _a9789945867374
040 _aDO-SdBNP
_bspa
_cBNPHU
100 1 _aCerda, Nelson
_952466
245 1 4 _aUna vida para el éxito /
_cNelson Cerda.
260 _aSanto Domingo :
_bNuevos Ciudadanos,
_c2013.
300 _a148 p. ;
_c22 cm.
500 _aIncluye datos biográficos del autor en las solapas
999 _c39966
_d39966